Golfers with Multiple Ryder Cup Appearances Since 1999 - Statistics

General Stats
  • This quiz has been taken 137 times
  • The average score is 38 of 69
Answer Stats
# Years Nationality Golfer % Correct
8 2010,2012,2014,2016,2018,2021,2023,2025 Northern Ireland Rory McIlroy
100%
7 1999,2002,2004,2006,2010,2012,2018 USA Tiger Woods
98%
10 1999,2002,2004,2006,2008,2010,2012,2014,2016,2018 USA Phil Mickelson
97%
10 1999,2002,2004,2006,2008,2012,2014,2016,2018,2021 Spain Sergio Garcia
95%
4 2018,2021,2023,2025 Spain Jon Rahm
93%
7 2008,2012,2014,2016,2018,2023,2025 England Justin Rose
93%
5 2014,2016,2018,2021,2023 USA Jordan Spieth
89%
4 2018,2021,2023,2025 USA Justin Thomas
86%
10 1999,2002,2004,2006,2008,2010,2012,2014,2016,2021 England Lee Westwood
86%
3 2021,2023,2025 Ireland Shane Lowry
85%
7 2004,2008,2010,2012,2014,2018,2021 England Ian Poulter
84%
2 2023,2025 Sweden Ludvig Åberg
83%
5 2010,2012,2016,2018,2021 USA Dustin Johnson
82%
5* 2006,2010,2012,2014,2016 USA Zach Johnson
80%
3 2021,2023,2025 USA Scottie Scheffler
79%
3 2021,2023,2025 Norway Viktor Hovland
78%
3 2018,2021,2025 USA Bryson DeChambeau
77%
5 2006,2008,2014,2016,2018 Sweden Henrik Stenson
77%
4 2016,2018,2021,2023 USA Brooks Koepka
76%
4 2018,2021,2023,2025 England Tommy Fleetwood
76%
3 2010,2012,2018 Italy Francesco Molinari
74%
4* 2004,2006,2010,2012 England Luke Donald
74%
2 2023,2025 Austria Sepp Straka
74%
4* 1999,2002,2004,2006 Northern Ireland Darren Clarke
72%
2 2023,2025 Scotland Robert MacIntyre
72%
4 2018,2021,2023,2025 England Tyrell Hatton
72%
4 2016,2021,2023,2025 England Matt Fitzpatrick
70%
3 2021,2023,2025 USA Collin Morikawa
69%
4 2010,2012,2014,2016 Germany Martin Kaymer
69%
6* 1999,2002,2004,2006,2008,2010 Ireland Pádraig Harrington
69%
3 2021,2023,2025 USA Xander Schauffele
65%
7* 1999,2004,2006,2008,2010,2012,2014 USA Jim Furyk
64%
2* 2012,2014 USA Keegan Bradley
63%
4 2010,2012,2014,2018 USA Bubba Watson
61%
4 2008,2010,2012,2014 Northern Ireland Graeme McDowell
59%
3 2021,2023,2025 USA Patrick Cantlay
59%
2* 1999,2006 Spain José María Olazábal
57%
5 2010,2014,2016,2018,2023 USA Rickie Fowler
56%
3 2014,2016,2018 USA Patrick Reed
55%
4* 1999,2002,2004,2006 Scotland Colin Montgomerie
54%
2 2023,2025 USA Sam Burns
48%
5 2004,2006,2008,2018,2021 England Paul Casey
47%
2* 2002,2014 Denmark Thomas Bjørn
44%
4 1999,2004,2008,2010 Spain Miguel Angel Jimenez
43%
2 2021,2025 USA Harris English
40%
2 2018,2021 USA Tony Finau
39%
3 2012,2014,2018 USA Webb Simpson
39%
3* 2002,2004,2006 Ireland Paul McGinley
38%
3* 2008,2010,2012 USA Steve Stricker
37%
2 1999,2012 Scotland Paul Lawrie
36%
3* 1999,2002,2004 USA Davis Love III
32%
2 1999,2002 USA David Duval
30%
5 2002,2004,2006,2008,2010 USA Stewart Cink
30%
2 1999,2002 Sweden Jesper Parnevik
26%
2 2014,2016 USA Jimmy Walker
24%
3 2008,2010,2014 USA Hunter Mahan
23%
4 2010,2012,2014,2016 USA Matt Kuchar
23%
2 2010,2012 Sweden Peter Hanson
23%
2 2012,2016 USA Brandt Snedeker
22%
2 1999,2008 USA Justin Leonard
20%
2 2004,2006 England David Howell
19%
2 2006,2008 Sweden Robert Karlsson
19%
3 2002,2004,2006 USA David Toms
18%
2 2008,2016 USA J. B. Holmes
14%
2 2004,2008 USA Kenny Perry
13%
3 2004,2006,2008 USA Chad Campbell
11%
2* 1999,2002 USA Hal Sutton
10%
2 2004,2006 USA Chris DiMarco
7%
2 2002,2006 USA Scott Verplank
7%
No matching quizzes found
Score Distribution
Percent of People with Each Score
Percentile by Number Answered
Your Score History
You have not taken this quiz